Evropská platební karta na obzoru

Zhrnutie základných dohôd európskej bankovej komunity o postupe smerom k jednotnému platobnému priestoru SEPA (Single Euro Payment Area). Spoločné platobné systémy a predpokladané vlastnosti platobnej karty SEPA. European Payments Council a SEPA. Európska centrálna banka ako iniciátor projektu.

Salvato in:
Dettagli Bibliografici
Autore principale: Zátka, Milan
Natura: Capitolo di libro
Lingua:ceco
Soggetti:
Tags: Aggiungi Tag
Nessun Tag, puoi essere il primo ad aggiungerne!!

MARC

LEADER 00000naa$a2200000$$$4500
001 0027423
005 20231010083930.5
041 0 |a cze 
044 |a CZ 
245 1 0 |a Evropská platební karta na obzoru  |c Milan Zátka 
520 |a Zhrnutie základných dohôd európskej bankovej komunity o postupe smerom k jednotnému platobnému priestoru SEPA (Single Euro Payment Area). Spoločné platobné systémy a predpokladané vlastnosti platobnej karty SEPA. European Payments Council a SEPA. Európska centrálna banka ako iniciátor projektu. 
610 2 0 |a Európska únia 
610 2 0 |a karty platobné 
610 2 0 |a systémy platobné 
610 2 0 |a styk platobný 
610 2 0 |a technológie nové 
100 1 |a Zátka, Milan